[Event "Copenhagen KS"]
[Site "Copenhagen"]
[Date "1996.??.??"]
[Round "6"]
[White "Hellsten, Johan"]
[Black "Borge, Nikolaj"]
[Result "1-0"]
[WhiteElo "2490"]
[BlackElo "2455"]
[Annotator "Kantsler,B"]
[PlyCount "68"]
[EventDate "1996.07.05"]
[EventType "tourn"]
[EventRounds "9"]
[EventCountry "DEN"]
[EventCategory "10"]
[SourceTitle "CBM 055"]
[Source "ChessBase"]
[SourceDate "1996.12.01"]
[SourceVersion "1"]
[SourceVersionDate "1996.12.01"]
[SourceQuality "1"]

1. d4 d5 2. Nf3 Nf6 3. c4 dxc4 4. e3 e6 5. Bxc4 c5 6. O-O a6 7. b3 Nc6 (7...
cxd4 8. Nxd4 Bd7 9. Bb2 Nc6 10. Nd2 Be7 11. N2f3 (11. Be2 O-O 12. Nc4 Rc8 13.
a4 (13. Nf3 Qc7 14. Rc1 Rfd8 15. Qc2 h6 16. Qb1 Be8 $10 {Hellsten,J-Yakovich,Y/
Gistrup/1996/0,5/41/}) 13... Bc5 14. Bf3 Qe7 15. Qe2 Rfd8 16. Rfd1 Nd5 $10 {
Aleksandrov,A-Yakovich,Y/Gistrup/1996/0,5/48/}) 11... O-O 12. Qe2 Nxd4 13. Bxd4
Qe8 $5 14. a4 Bc6 15. Ne5 Bd5 16. Bxd5 Nxd5 17. e4 Nb4 $6 (17... Nf4 $5 18. Qg4
Ng6 $10) 18. Rac1 $1 $14 {Chekhov,V-Hansen,Bo/GER/1996/0,5/30/}) 8. Bb2 (8.
dxc5 Bxc5 9. Qxd8+ Kxd8 10. Bb2 Ke7 11. Nbd2 Rd8 12. Rac1 b6 13. a3 Bb7 14. Rc2
Rac8 15. Rfc1 Nb8 16. Be2 Nbd7 $10 {Aleksandrov,A-Volzhin,A/Gistrup/1996/1:0/
39/}) 8... cxd4 9. Nxd4 Bd7 10. Nd2 Nxd4 (10... Be7) 11. Bxd4 Bc6 12. Be2 $5
Be7 13. Nc4 O-O 14. Rc1 Nd5 15. Qd2 Rc8 16. Ne5 $5 Ba3 $6 (16... Bb5 $32 17.
Rxc8 Qxc8 18. Rc1 $14) 17. Rc4 Nb4 $5 (17... Bb5 $6 18. Rxc8 Qxc8 19. Bxb5 axb5
20. Qa5 b4 21. Nc4 $16) 18. Rd1 $1 (18. Rxb4 Qa5 $1 19. Bc3 (19. Nd3 Bb5 20.
Bc3 Rxc3 21. Qxc3 Bxd3 $10) (19. Nxc6 $5 Rxc6 20. Bc3 Rxc3 21. Rxb7 (21. Ra4 $2
Qc5 22. Rxa3 Rc2 23. Qd3 Rxe2 $10) 21... Bb4 $14) 19... Bxb4 20. Bxb4 Qxe5 21.
Bxf8 Rxf8 $10) 18... Bb5 19. Rxc8 Qxc8 20. Nc4 $1 Bxc4 $8 21. bxc4 $1 Nc6 $8
22. Bxg7 $1 Rd8 (22... Kxg7 23. Qc3+ $16) 23. Qc3 $16 Rxd1+ 24. Bxd1 Qd7 25.
Be2 Qd6 26. Bf6 e5 27. Bh4 f5 28. c5 $1 Bxc5 29. Qb3+ Kf8 30. Qxb7 Ne7 31. Qxa6
Qxa6 32. Bxa6 Ba3 33. Bf6 Ng6 34. Bc4 e4 1-0

[Event "Gistrup"]
[Site "Gistrup"]
[Date "1996.??.??"]
[Round "8"]
[White "Filippov, Valerij"]
[Black "Yakovich, Yuri"]
[Result "0-1"]
[WhiteElo "2565"]
[BlackElo "2530"]
[Annotator "Kantsler,B"]
[PlyCount "130"]
[EventDate "1996.07.15"]
[EventType "tourn"]
[EventRounds "9"]
[EventCountry "DEN"]
[EventCategory "10"]
[SourceTitle "CBM 055"]
[Source "ChessBase"]
[SourceDate "1996.12.01"]
[SourceVersion "1"]
[SourceVersionDate "1996.12.01"]
[SourceQuality "1"]

1. Nf3 d5 2. d4 Nf6 3. c4 dxc4 4. e3 e6 5. Bxc4 c5 6. O-O a6 7. Bd3 cxd4 8.
exd4 Be7 9. Nc3 (9. Ne5 O-O (9... Nc6 10. Nxc6 bxc6 11. Qc2 Bb7 12. Rd1 Qc7 13.
Nd2 $10 {Dreev,A-Anand,V/NED/1996/}) 10. Nc3 Nc6 11. Nxc6 bxc6 12. Bg5 a5 13.
Rc1 Ba6 14. Bxa6 Rxa6 15. Qe2 $14 {Gelfand,B-Huebner,R/Wijk aan Zee/1996/0,5/
25/}) 9... b5 $5 (9... O-O 10. Ne5 b5 (10... Bd7 11. Be3 Nc6 12. a3 Rc8 13. Rc1
g6 14. Qe2 Re8 15. Rfd1 $14 {Huzman,A-Zilberman,Y/ISR(tch)/1996/}) 11. Qf3 Ra7
12. Bg5 Rc7 13. Rad1 Bb7 14. Qh3 g6 15. Rfe1 $14 {Gelfand,B-Lautier,J/ESP/1994/
1:0/38/}) 10. a4 (10. Ne5 Bb7 11. Be3 O-O $13) 10... b4 11. Ne4 Bb7 12. Qe2 O-O
13. Bf4 $6 (13. Bg5 $5 Nbd7 $132) 13... Qd5 $1 14. Nfg5 (14. Nxf6+ $6 Bxf6 15.
Rac1 Nc6 $1 (15... Bxd4 $2 16. Rfd1 $16)) 14... Nbd7 15. Rac1 h6 16. Nxf6+ Nxf6
17. Nf3 Rfc8 $1 18. Rxc8+ Rxc8 19. Bxa6 Bxa6 20. Qxa6 Ra8 21. Qb5 $6 (21. Qe2
$32 $10) 21... Qxb5 22. axb5 Nd5 23. Bg3 Ra5 24. b3 Bf6 25. Bd6 Rxb5 26. Ra1
Nc3 $15 27. Kf1 Ne4 28. Bf4 Rd5 29. Be3 Ng5 30. Ne5 $2 (30. Nxg5 hxg5 31. Ra4
$10) 30... Bxe5 $5 31. dxe5 Rd3 $1 (31... Rxe5 $6 32. Ra4 Rb5 33. Bd2 Ne4 34.
Bxb4 Nf6 $17) 32. Rb1 Ne4 33. Rb2 Rd1+ 34. Ke2 Nc3+ 35. Kf3 Rd5 36. Rc2 (36.
Bd2 Kh7 (36... Rxe5 $2 37. Bxc3 bxc3 38. Rc2 $10) 37. Bxc3 Rd3+ 38. Ke4 Rxc3
$15) 36... Rxe5 37. Bd4 Rf5+ 38. Ke3 Nd5+ 39. Ke4 (39. Kd3 Nf4+ 40. Kc4 Nxg2
41. Kxb4 Ne1 $17) 39... Rf4+ 40. Kd3 (40. Ke5 f6+ $19) 40... Rh4 $1 41. Be5 f6
42. Bd6 $6 (42. Bg3 $32 Rg4 43. f3 Rg5 $15) 42... e5 $1 {/\43...Rd4 44.Kc2
Nf4-+/} 43. Rc4 Nf4+ 44. Kd2 Rxh2 45. g3 Rxf2+ 46. Ke3 Re2+ 47. Kf3 Rd2 48.
gxf4 (48. Bxb4 Rd3+ $19) 48... Rxd6 49. fxe5 Rb6 50. exf6 Rxf6+ 51. Ke4 Rb6 52.
Kd5 h5 53. Ke5 Rb8 54. Kd6 Kf7 55. Kc7 Rh8 56. Rxb4 h4 57. Rf4+ Ke6 58. b4 h3
59. Rf1 h2 60. Rh1 g5 61. b5 g4 62. b6 g3 63. b7 Rh7+ 64. Kc6 Rxb7 65. Kxb7 Kf5
0-1

[Event "Kakhovka"]
[Site "Kakhovka"]
[Date "1997.??.??"]
[Round "?"]
[White "Shulman, Yuri"]
[Black "Shcherbakov, Ruslan"]
[Result "1/2-1/2"]
[WhiteElo "2555"]
[BlackElo "2580"]
[Annotator "Kapengut"]
[PlyCount "74"]
[EventDate "1997.??.??"]
[EventType "tourn"]
[EventRounds "9"]
[EventCountry "RUS"]
[SourceTitle "CBM 060"]
[Source "ChessBase"]
[SourceDate "1997.09.29"]
[SourceVersion "1"]
[SourceVersionDate "1997.09.29"]
[SourceQuality "1"]

1. d4 {Shulman,Y} d5 2. c4 dxc4 3. Nf3 e6 4. e3 a6 5. Bxc4 c5 6. O-O Nf6 7. e4
b5 8. Bd3 Bb7 9. Bg5 cxd4 (9... Be7 10. dxc5 Bxe4 11. Bxf6 Qxd3 12. Bxe7 Kxe7
13. Nbd2 Bxf3 14. Nxf3 Qxd1 15. Rfxd1 Rc8 16. Rac1 Nc6 17. Nd4 b4 18. f4 Rab8
19. Kf2 Nxd4 20. Rxd4 Rb5 {1/2-1/2 Shulman,Yuri-Vaulin,Alexander/Minsk op 1997}
) (9... h6 10. Bxf6 Qxf6 11. a4 cxd4 (11... b4 12. Nbd2 cxd4 13. a5 $2 e5 14.
Rc1 Bd6 15. Qa4+ Nd7 16. Nc4 Rd8 17. Nb6 Qe7 18. Nd5 Bxd5 19. exd5 O-O 20. Rfe1
Nc5 21. Qc2 b3 22. Qe2 Rfe8 23. Nd2 Nxd3 24. Qxd3 Bb4 25. Rcd1 Rxd5 26. Qxa6
Rxa5 27. Qc4 Bxd2 28. Rxd2 Qe6 $19 {Aleksandrov,A-Kaminsky,M/Rubinstein
Memorial 1997 (5) 1997}) 12. axb5 a5 13. b6 Bc5 14. Qa4+ Ke7 15. Nbd2 Nd7 16.
Nb3 e5 17. Nxa5 Qxb6 18. Bb5 Nf6 19. Nxe5 Nxe4 20. Rfe1 Rxa5 21. Qxa5 Qxa5 22.
Rxa5 Bb4 23. Ra7 Bxe1 24. Rxb7+ Ke6 25. Nd3 Nd6 26. Rb6 Ba5 27. Ra6 Bc7 28.
Bc4+ $16 {Rustemov,A - Dolgov,A/Moscow (ch) 1997}) 10. a4 $5 $146 (10. Nxd4
Nbd7 11. Nc3 Ne5 12. Ncxb5 Nxd3 13. Qxd3 axb5 14. Rfd1 Be7 15. Qxb5+ Qd7 16.
Qb3 Bxe4 17. Nf5 Bd5 18. Nxg7+ Kf8 19. Qh3 h5 20. Qg3 Kxg7 21. Bxf6+ Kxf6 22.
Rd4 Bd6 23. Qc3 Kg6 24. h3 Bc7 {0-1 Kasparov,G-Gulko,B/USSR 33/509 1982}) 10...
bxa4 (10... b4 $5) 11. Rxa4 Be7 12. Rxd4 (12. Qb3 $5) 12... Nfd7 13. Qb3 Qb6
14. Qc3 f6 $6 (14... Nc6 $1 15. Rxd7 $5 Kxd7 16. Be3 (16. Rd1 $6 Rhg8 17. Na3
Ke8 $1 (17... Qb4 $6 18. Bb5+ Kc7 19. Bf4+ Kb6 20. Be3+ Bc5 21. Bxc6 $18) 18.
Nc4 Qb4 19. Qc1 f6 $17) 16... Qb4 17. Qxg7 Rhg8 18. Qxh7 Rh8 19. Qxf7 Raf8 20.
Qg6 Rfg8 (20... Qxb2 $13) 21. Qf7 Rf8 $11) 15. Be3 Bc5 16. Rc1 (16. b4 $6 Bxd4
17. Nxd4 Qd6 18. Na3 Nc6 19. Nc4 Qxb4 $17) (16. e5 $6 Bxd4 17. Bxd4 Qc6 18. Qd2
fxe5 19. Rc1 Qd6 20. Be4 Nc6 $1) (16. Bc4 $1 O-O $5 (16... e5 17. Rdd1 Bxe4 (
17... Bxe3 18. fxe3 Bxe4 19. Nbd2 Bb7 20. Ba2 $36) 18. Nbd2 Bb7 19. Bxc5 Qxc5 (
19... Nxc5 20. Nxe5 $1) 20. Rfe1 $36) 17. b4 (17. Nbd2 Kh8 $13) 17... Bxb4 (
17... Bxd4 18. Nxd4 $40) 18. Qb3 $1 (18. Rxd7 Bxc3 19. Bxb6 Nxd7 20. Bxe6+ Kh8
(20... Rf7 21. Nxc3 Nxb6 22. Rb1 Rc8 23. Bxf7+ Kxf7 24. Rxb6 $18) 21. Nxc3 (21.
Bxd7 Bb4 $132) 21... Nxb6 22. Rb1 Rfc8 23. Bxc8 Rxc8 24. Ne2 Rd8 $11) 18... Nc5
19. Bxe6+ Qxe6 20. Qxb4 Rc8 (20... Nbd7 $2 21. Rxd7 $1) 21. Rfd1 $16) 16... O-O
17. Bc4 $5 (17. Rxd7 $5 Nxd7 (17... Bxe3 $6 18. Rxb7 Bxf2+ 19. Kf1 Qxb7 20.
Kxf2 $16) 18. Bxc5 Nxc5 19. Qxc5 Qxb2 20. Qa3 $11) 17... Kh8 $1 (17... Bxd4 $2
18. Nxd4 $40) 18. Rdd1 Bxe4 19. Nbd2 Bxe3 $5 (19... Bb7 20. Bxe6 Qxe6 21. Bxc5
Nxc5 22. Qxc5 Nd7 23. Qc7 $36) (19... Bf5 20. Nd4 $44) 20. Qxe3 Bd5 21. Bxd5
Qxe3 22. fxe3 exd5 23. Nb1 $11 Nb6 24. Nc3 Ra7 25. Nxd5 Nxd5 26. Rxd5 Rb7 27.
Rc2 Nd7 28. Nd4 Re8 29. Rd6 h6 30. Kf2 Ne5 31. h3 Rxb2 $1 32. Rxb2 Nd3+ 33. Kf3
Nxb2 34. Rxa6 Nc4 35. Nf5 Ne5+ 36. Kf2 Rd8 37. Ra7 Rd7 1/2-1/2

[Event "RUS-ch"]
[Site "Elista"]
[Date "1994.??.??"]
[Round "5"]
[White "Burmakin, Vladimir"]
[Black "Rublevsky, Sergei"]
[Result "1-0"]
[WhiteElo "2555"]
[BlackElo "2565"]
[Annotator "Kharitonov,A"]
[PlyCount "93"]
[EventDate "1994.09.??"]
[EventType "swiss"]
[EventRounds "11"]
[EventCountry "RUS"]
[SourceTitle "CBM 044"]
[Source "ChessBase"]
[SourceDate "1995.02.01"]
[SourceVersion "1"]
[SourceVersionDate "1995.02.01"]
[SourceQuality "1"]

1. d4 d5 2. Nf3 Nf6 3. c4 dxc4 4. e3 e6 5. Bxc4 c5 6. O-O a6 7. a4 Nc6 8. Qe2
Be7 9. dxc5 Bxc5 (9... Ne4 $5 10. Rd1 Qc7 11. b3 Nxc5 12. Bb2 O-O 13. Nbd2 Bd7
14. e4 Rfd8 15. Qe3 Be8 16. Be2 a5 $5 17. Nc4 Bf8 $10 {Petrosian,T-Portisch,L/
Zagreb/1965/0:1/38/}) 10. e4 Ng4 11. Nbd2 $5 {N/} (11. Bf4 Qf6 12. Bg3 Nge5 13.
Nxe5 Nxe5 14. Nd2 (14. Ba2 $5 O-O 15. Nc3 {/\16.Kh1,17.f4-Tal/}) 14... O-O 15.
Rad1 b6 $1 16. Qh5 Nxc4 17. Nxc4 a5 $10 {Botvinnik,M-Petrosian,T/Moscow(WM/6)
1963/0,5/27/}) (11. e5 $5 Nd4 12. Nxd4 Qxd4 13. Na3 Bxa3 (13... Nxe5 14. Be3
Qd6 15. Rfd1 Qe7 16. Bxc5 Qxc5 17. Rac1 $36) 14. Rxa3 Nxe5 15. b3 (15. Ba2 $5)
15... Qc5 16. Ra2 Nxc4 17. bxc4 Bd7 18. Ba3 Qf5 19. Rd2 Bc6 20. Re1 h5 21. Qe3
f6 $1 22. Qxe6+ Qxe6 23. Rxe6+ Kf7 24. Re7+ Kg6 $15 {Botvinnik,M-Petrosian,T/
Moscow(WM/8)/1963/0,5/55/}) 11... Qc7 (11... O-O $5 12. Nb3 Bb6 13. h3 Nge5 14.
Nxe5 Nxe5 $10) 12. Nb3 Ba7 $6 (12... Bd6 $1 13. h3 Nge5 14. Nxe5 Nxe5 15. Bd3
O-O 16. Be3 Nxd3 17. Qxd3 Rd8 18. Qe2 e5 19. Rac1 Qe7 20. Bb6 Re8 $10) 13. Bg5
{/\Bh4-g3/} Bd7 (13... Nce5 14. Nxe5 Nxe5 15. Rac1 Nxc4 16. Rxc4 Qe5 (16... Qb6
17. Qc2 O-O 18. Be3 Qd8 19. Rd1 Qe8 20. Bxa7 Rxa7 21. Rc7 $16) 17. Bh4 O-O 18.
Bg3 Qg5 19. Bd6 Rd8 20. e5 {/\Rg4|^/}) 14. Rac1 $14 Bb8 $6 (14... O-O 15. h3
Nge5 16. Bf4 (16. Nxe5 Qxe5 $10) 16... Nxf3+ 17. Qxf3 e5 18. Be3 Bxe3 19. Qxe3
$14) (14... O-O 15. Bh4 $5 Nge5 16. Nxe5 Qxe5 17. Bg3 Qg5 18. Rfd1 $16) 15. g3
Ba7 $2 (15... O-O $5 16. Bf4 e5 (16... Qb6 17. e5 $16) (16... Nge5 17. Nxe5
Nxe5 18. Bxe6 $18) 17. Bd2 $16) 16. Bd5 $1 O-O (16... exd5 17. exd5+ Kf8 18.
dxc6 Bxc6 19. Nfd4 $18) 17. Bxc6 Bxc6 (17... bxc6 18. Nc5 $16) 18. Nfd4 Ne5 19.
Bf4 f6 (19... Rfd8 20. Nxc6 bxc6 21. Nc5 $16) 20. Nxc6 $1 (20. Nxe6 Qf7 21.
Nbc5 (21. Nxf8 Qxb3 22. Bxe5 fxe5 23. Rxc6 bxc6 24. Nd7 Bd4 $13) 21... Bxa4 22.
Nxf8 Bb5 $13) 20... bxc6 21. Nc5 Qe7 (21... Bxc5 22. Rxc5 Qd6 23. Rfc1 Qd3 24.
Kf1 $1 Qxe2+ 25. Kxe2 Rab8 26. Bxe5 fxe5 27. R1c2 Rb4 28. Rxe5 $18) 22. Nxa6
$18 Bd4 23. b4 Qb7 24. b5 cxb5 25. axb5 Rfc8 26. Nb4 Ng6 27. Bd2 Ne5 28. Rfd1
f5 29. Rxc8+ Rxc8 30. Bf4 fxe4 31. Bxe5 $1 (31. Rxd4 $2 Nf3+) 31... Bxe5 32.
Nc6 Bf6 (32... Rxc6 33. bxc6 Qxc6 34. Rd8+ Kf7 35. Qh5+ $18) 33. Qxe4 Re8 34.
Qc4 Qb6 35. Rd6 Kh8 36. Rxe6 Rf8 37. Qe2 h6 38. Re8 {(+)/} (38. Ne5 $5 Qxe6 39.
Ng6+ $18) 38... Rxe8 39. Qxe8+ Kh7 40. Qe4+ g6 41. Qc4 Kg7 42. Qd5 h5 43. Ne5
Bd8 44. Qf7+ Kh6 45. Qf8+ Kh7 46. Nf7 Bf6 47. Qh6+ 1-0

[Event "Olympiad-32"]
[Site "Yerevan"]
[Date "1996.09.20"]
[Round "5.4"]
[White "Kempinski, Robert"]
[Black "Ruzele, Darius"]
[Result "1-0"]
[WhiteElo "2510"]
[BlackElo "2520"]
[Annotator "Kharitonov,A"]
[PlyCount "67"]
[EventDate "1996.09.15"]
[EventType "team-swiss"]
[EventRounds "14"]
[EventCountry "ARM"]
[SourceTitle "CBM 055"]
[Source "ChessBase"]
[SourceDate "1996.12.01"]
[SourceVersion "1"]
[SourceVersionDate "1996.12.01"]
[SourceQuality "1"]
[WhiteTeam "Poland"]
[BlackTeam "Lithuania"]
[WhiteTeamCountry "POL"]
[BlackTeamCountry "LTU"]

1. d4 d5 2. Nf3 Nf6 3. c4 dxc4 4. e3 e6 5. Bxc4 c5 6. O-O a6 7. a4 Nc6 8. Qe2
cxd4 9. Rd1 Be7 10. exd4 O-O 11. Nc3 Nd5 12. Qe4 (12. h3) 12... Nf6 13. Qe2 Nd5
14. h3 $5 Ncb4 15. Bd2 $5 {N/} (15. Ne5 Bd7 16. Bb3 Be8 17. Qf3 Rc8 18. Bd2
Nxc3 19. bxc3 Nc6 20. Bf4 Bd6 21. Qg3 $14 {Vyzmanavin,A-Ehlvest,J/Tilburg/1992/
0,5/44/}) 15... b6 16. Rac1 Bb7 17. Ne4 $5 (17. Ne5 Bg5 $5) 17... Bc6 $6 (17...
Rc8 $5) (17... Re8 $5) 18. Bb3 b5 $6 (18... Bb7 $5 19. Ne5 Rc8 $22 20. Rxc8
Qxc8 21. Rc1 Qa8) 19. a5 $1 $16 Be8 (19... Qxa5 $4 20. Rxc6 $18) (19... Rc8 20.
Ne5 Bb7 21. Nc5 $16) 20. Nc5 Kh8 (20... Qxa5 $2 21. Bxd5 $18) (20... Bxc5 21.
Rxc5 Qxa5 $2 22. Bxd5 exd5 23. Qe1 $18) 21. Ne5 Bg5 22. Bxg5 Qxg5 23. Qf3 Kg8
24. Ncd3 $1 Qd8 (24... Nxd3 25. Nxd3 Rd8 26. Rc5 $16) 25. Nxb4 Nxb4 26. Rc5 $1
Ra7 27. Qc3 Nd5 (27... Qxa5 28. Nd3 $18) 28. Bxd5 exd5 29. Rc8 $18 Qe7 30. Re1
(30. b4 $5 $18) 30... b4 31. Qc1 Qb7 32. Qc5 Qe7 33. Qb6 Qe6 $2 (33... Qb7 34.
Rb8 Qxb6 35. axb6 Re7 36. b7 f6 37. Nd3 Rxe1+ 38. Nxe1 $18) 34. Rxe8 1-0

[Event "Bundesliga 0203"]
[Site "Germany"]
[Date "2003.01.11"]
[Round "8.3"]
[White "Buhmann, Rainer"]
[Black "Markowski, Tomasz"]
[Result "1/2-1/2"]
[WhiteElo "2527"]
[BlackElo "2549"]
[Annotator "Konikowski,J"]
[PlyCount "44"]
[EventDate "2002.10.19"]
[EventType "team-tourn"]
[EventRounds "15"]
[EventCountry "GER"]
[SourceTitle "CBM 093"]
[Source "ChessBase"]
[SourceDate "2003.04.01"]
[SourceVersion "1"]
[SourceVersionDate "2003.04.01"]
[SourceQuality "1"]
[WhiteTeam "Stuttgart"]
[BlackTeam "Plauen"]
[WhiteTeamCountry "GER"]
[BlackTeamCountry "GER"]

1. d4 d5 2. c4 dxc4 3. Nf3 Nf6 4. e3 e6 5. Bxc4 a6 6. O-O Nbd7 7. a4 (7. b3 b5
8. Be2 Bb7 9. Bb2 Be7 10. a4 b4 11. Nbd2 O-O 12. Rc1 c5 13. Qc2 Rc8 14. Qb1 Rc7
15. Rfd1 Qa8 16. Nc4 Bd5 17. Ne1 Rfc8 18. Bf3 Qa7 19. dxc5 Bxc5 20. Qd3 Be7 21.
Bxd5 Nxd5 $13 {Dziuba,M-Markowski,T/Lubniewice 2002/}) 7... b6 8. Nc3 Bb7 9.
Qe2 (9. Bd2 Bd6 10. Qe2 c5 11. dxc5 Nxc5 12. Rfd1 O-O 13. Rac1 Qe7 14. b4 Ncd7
15. b5 a5 16. Nd4 Rac8 17. Bd3 Ne5 18. f4 Nxd3 19. Qxd3 Rfd8 20. Qf1 Bc5 21.
Be1 Ng4 22. Bf2 Bxd4 23. exd4 Qa3 $17 {Anderson Smith,W-Wohl,A/Perth 1994/}) (
9. e4 Nxe4 10. Nxe4 Bxe4 11. Re1 Bxf3 (11... Nf6 $5) 12. Qxf3 Bb4 13. Bg5 Nf6
14. Qc6+ Kf8 15. Re2 $36) 9... c5 (9... Bb4 10. Bd3 Bd6 11. e4 e5 12. Bg5 O-O
13. d5 Nc5 14. Bc4 $14) (9... Bd6 10. e4 e5 11. Bg5 c6 12. dxe5 Nxe5 13. Nxe5
Bxe5 14. f4 Bd4+ 15. Kh1 $16) 10. Rd1 Qc7 (10... Qb8 11. d5 exd5 12. Nxd5 Nxd5
13. Bxd5 Bxd5 14. Rxd5 $14) (10... Be7 11. e4 O-O 12. Bg5 Re8 13. dxc5 bxc5 14.
Bf4 $14) 11. d5 exd5 12. Nxd5 Nxd5 13. Bxd5 Bxd5 14. Rxd5 Be7 15. b3 Qb7 16.
Rd3 O-O 17. Bb2 Rfd8 18. Rad1 Nf8 19. Be5 Rxd3 20. Rxd3 b5 (20... Ng6 21. Bb2
b5 $11) 21. h3 Qe4 22. Qd1 Rc8 1/2-1/2

[Event "Griesheim Testa GM"]
[Site "Griesheim"]
[Date "2004.01.20"]
[Round "1"]
[White "Savchenko, Stanislav"]
[Black "Murdzia, Piotr"]
[Result "1/2-1/2"]
[WhiteElo "2543"]
[BlackElo "2445"]
[Annotator "Konikowski,J"]
[PlyCount "86"]
[EventDate "2004.01.20"]
[EventType "tourn"]
[EventRounds "9"]
[EventCountry "GER"]
[EventCategory "10"]
[SourceTitle "CBM 099"]
[Source "ChessBase"]
[SourceDate "2004.03.30"]
[SourceVersion "1"]
[SourceVersionDate "2004.03.30"]
[SourceQuality "1"]

1. d4 d5 2. c4 dxc4 3. Nf3 Nf6 4. e3 e6 5. Bxc4 c5 6. O-O a6 7. dxc5 Qxd1 8.
Rxd1 Bxc5 9. Be2 O-O 10. Nbd2 (10. b3 b6 11. Nc3 Nbd7 12. Bb2 Be7 13. e4 Bb4
14. e5 Bxc3 15. Bxc3 Nd5 16. Bb2 a5 17. Rac1 Ba6 18. Bc4 Bb7 19. Nd2 Nc5 20.
Bd4 Rfc8 21. g3 h6 22. Bxc5 bxc5 23. Bf1 a4 $13 {Bareev,E-Grischuk,A/Moscow
2002/}) 10... Rd8 11. Ne5 b6 $146 {[%mdl 8]} (11... Be7 12. Nec4 Nc6 (12...
Nbd7 13. Nb3 b6 14. f3 a5 15. e4 Ba6 16. Be3 Rac8 17. Rac1 a4 18. Nd4 Bxc4 19.
Rxc4 Rxc4 20. Bxc4 Ne5 21. Be2 Bc5 22. Kf2 g5 23. a3 g4 24. Ke1 gxf3 25. gxf3
Rc8 26. Bg5 Kg7 27. Nb5 $14 {Chuchelov,V-Rublevsky,S/Istanbul 2003/}) 13. Bf3 (
13. Nb6 Rb8 14. Ndc4 Rxd1+ 15. Bxd1 Bd7 16. Bf3 Be8 $11 {Van Wely,L-Kharlov,A/
Istanbul 2003/}) 13... Nd5 14. Nb3 b5 15. Nca5 Ne5 16. Be2 Bd7 17. e4 Nb6 18.
Bf4 Bf6 19. Nc5 Rdc8 20. Rac1 Be8 21. b3 Nbd7 22. Nxd7 Nxd7 23. Nb7 Rxc1 24.
Bxc1 Nf8 25. Be3 $14 {Chuchelov,V-Gabriel,C/Germany 2003/}) 12. Nb3 Rxd1+ 13.
Bxd1 Bf8 14. Bd2 Nbd7 15. Bf3 Nd5 (15... Ra7 $2 16. Nc6 Rc7 17. Rc1 Nc5 18.
Nxc5 Bxc5 19. b4 Bf8 20. Ne7+ Rxe7 21. Rxc8 $16) 16. Nxd7 Bxd7 17. Rc1 Rc8 18.
Rxc8 Bxc8 19. Bxd5 exd5 20. Bc3 Bd6 21. Bd4 Bc7 $11 22. Nc1 f6 23. Ne2 Bd7 24.
Nc3 Bc6 25. f4 Kf7 26. Kf2 Ke6 27. g4 Be8 28. Ne2 h5 29. h3 hxg4 30. hxg4 g6
31. Bc3 Bd6 32. a3 a5 33. Nd4+ Kf7 34. b4 Bd7 35. Kf3 Ba4 36. Ke2 Bd7 37. Kf3
Ba4 38. Kg3 Bd7 39. Nf3 Be7 40. Nd4 Bd6 41. Nf3 Be7 42. Bd2 Ba4 43. Nd4 Bd6
1/2-1/2